Central Library OPAC University of Rajshahi

Quantum theory of molecules and solids / (Record no. 53260)

MARC details
000 -LEADER
fixed length control field 00850nam a2200253 a 4500
001 - CONTROL NUMBER
control field 53260
003 - CONTROL NUMBER IDENTIFIER
rucl marc code BD-RjUL
005 - DATE AND TIME OF LATEST TRANSACTION
control field 20211209075932.0
008 - FIXED-LENGTH DATA ELEMENTS--GENERAL INFORMATION
fixed length control field 161004s1963 nyua b 000 0 eng
035 ## - SYSTEM CONTROL NUMBER
System control number (BD-RjUL)53380
040 ## - CATALOGING SOURCE
Original cataloging agency DLC
Transcribing agency DLC
Modifying agency BD-RjUL
Language of cataloging eng
041 ## - LANGUAGE CODE
Language code of text/sound track or separate title eng
082 00 - DEWEY DECIMAL CLASSIFICATION NUMBER
Classification number 530.12
Edition number 23
Author mark and year SLQ 1963
100 1# - MAIN ENTRY--PERSONAL NAME
Personal name Slater, John C.
Fuller form of name (John Clarke),
Dates associated with a name 1900-1976.
9 (RLIN) 159201
245 10 - TITLE STATEMENT
Title Quantum theory of molecules and solids /
Statement of responsibility, etc. John C. Slater.
260 ## - PUBLICATION, DISTRIBUTION, ETC. (IMPRINT)
Place of publication, distribution, etc. New York :
Name of publisher, distributor, etc. McGraw-Hill Book Company,
Date of publication, distribution, etc. 1963
300 ## - PHYSICAL DESCRIPTION
Pagination V. :
Illustrations ill. ;
Size 24 cm.
490 0# - SERIES STATEMENT
Series statement International series in pure and applied physics
504 ## - BIBLIOGRAPHY, ETC. NOTE
Bibliography, etc Includes bibliographies.
505 0# - FORMATTED CONTENTS NOTE
Formatted contents note Vol.1 Electronic structure of molecules -- Vol. 2 Symmetry and energy bands in crystals
650 #0 - SUBJECT ADDED ENTRY--TOPICAL TERM
Topical term or geographic name as entry element Quantum theory.
9 (RLIN) 159202
Topical term or geographic name as entry element Molecules.
9 (RLIN) 122899
942 ## - ADDED ENTRY ELEMENTS (KOHA)
Source of classification or shelving scheme Dewey Decimal Classification
Koha item type Books
Holdings
Lost status Source of classification or shelving scheme Damaged status Not for loan Collection code Permanent Location Current Location Shelving location Date acquired Source of acquisition Cost, normal purchase price Total Checkouts Full call number Date last seen Copy number Koha item type
  Dewey Decimal Classification     Non-fiction Central Library, University of Rajshahi Central Library, University of Rajshahi   06/05/1964 Zeitlinger 101.00   530.12 SLQ V-1 1963 04/10/2016 C-2 Books
  Dewey Decimal Classification     Non-fiction Central Library, University of Rajshahi Central Library, University of Rajshahi   06/05/1964 Zeitlinger 97.00   530.12 SLQ V-1 1963 04/10/2016 C-3 Books
  Dewey Decimal Classification   Not For Loan Non-fiction Central Library, University of Rajshahi Central Library, University of Rajshahi Reading Room 07/04/1967 Book, View 75.00   530.12 SLQ V-1 1963 30/04/2017 C-1 Books
  Dewey Decimal Classification   Not For Loan Non-fiction Central Library, University of Rajshahi Central Library, University of Rajshahi Reading Room 07/04/1967 Book View 93.00   530.12 SLQ V-2 1965 07/05/2017 C-2 Books